000 00310 a2200157 4500
001 192847
020 _a978-85-16-09354-9
040 _cMagnum
100 _aJeffers. Oliver
240 1 0 _aPresos
_lpor
245 1 0 _aPresos
300 _a30
362 0 _a2014
697 _aLITERATURA INFANTO
942 _cBK
999 _c192847
_d192847